LIBRARY ONLINE CATALOGUE

Modern econometrics : (Record no. 7850)

MARC details
000 -LEADER
fixed length control field 00573cam a22001932 4500
001 - CONTROL NUMBER
control field 0000009256
005 - DATE AND TIME OF LATEST TRANSACTION
control field 20151217152052.0
008 - FIXED-LENGTH DATA ELEMENTS--GENERAL INFORMATION
fixed length control field 080917s xx 000 0 eng d
020 ## - INTERNATIONAL STANDARD BOOK NUMBER
International Standard Book Number 0201876949 :
Terms of availability KES 8100
040 ## - CATALOGING SOURCE
Original cataloging agency KABU
Transcribing agency KABU
100 1# - MAIN ENTRY--PERSONAL NAME
Personal name Thomas, R. L.
-- 0000160413
245 10 - TITLE STATEMENT
Title Modern econometrics :
Remainder of title an introductory /
Statement of responsibility, etc. R. L. Thomas.
260 ## - PUBLICATION, DISTRIBUTION, ETC. (IMPRINT)
Place of publication, distribution, etc. London :
Name of publisher, distributor, etc. Prentice Hall,
Date of publication, distribution, etc. 1997.
300 ## - PHYSICAL DESCRIPTION
Extent xii, 535 p. +
Accompanying material 1 Discatte.
650 #0 - SUBJECT ADDED ENTRY--TOPICAL TERM
Topical term or geographic name as entry element Econometrics.
-- 0000148275
908 ## - PUT COMMAND PARAMETER (RLIN)
Put command parameter 080917
950 ## - LOCAL HOLDINGS (RLIN)
-- 1
Holdings
Withdrawn status Lost status Source of classification or shelving scheme Not for loan Home library Current library Date acquired Total Checkouts Full call number Barcode Date last seen Date last checked out Price effective from Koha item type
    Library of Congress Classification   Kabarak, Main Campus Kabarak, Main Campus 17/12/2015 14 HB139 .T46 1997 c. 1 009293 21/09/2024 15/08/2024 17/12/2015 General Collection